ბათუმის შოთა რუსთაველის სახელმწიფო უნივერსიტეტის ბიბლიოთეკა

Скифский рассказ Геродота в отечественной историографии / (ბიბ.ჩანაწერი № 61089)

000 -LEADER
fixed length control field 00970nam a22001817a 4500
005 - DATE AND TIME OF LATEST TRANSACTION
control field 20231218170457.0
008 - FIXED-LENGTH DATA ELEMENTS--GENERAL INFORMATION
fixed length control field 231218s1982 ru ||||| |||| 00| 0 rus d
041 ## - LANGUAGE CODE
Language code of text/sound track or separate title rus
080 ## - UNIVERSAL DECIMAL CLASSIFICATION NUMBER
Universal Decimal Classification number 930.1(09)(490) H-45
100 ## - MAIN ENTRY--PERSONAL NAME
Personal name Нейхардт, А.А.
9 (RLIN) 20771
245 ## - TITLE STATEMENT
Title Скифский рассказ Геродота в отечественной историографии /
Statement of responsibility, etc. А.А. Нейхардт; Академия наук СССР. Институт истории СССР. Ленинградское отделение.
264 ## - PRODUCTION, PUBLICATION, DISTRIBUTION, MANUFACTURE, AND COPYRIGHT NOTICE
Place of production, publication, distribution, manufacture Л.:
Name of producer, publisher, distributor, manufacturer Наука,
Date of production, publication, distribution, manufacture, or copyright notice 1982.
300 ## - PHYSICAL DESCRIPTION
Extent 237 с. ;
Other physical details 20 см.
653 ## - INDEX TERM--UNCONTROLLED
keyword ჰეროდოტეს სკვითური ამბავი რუსულ ისტორიოგრაფიაში
653 ## - INDEX TERM--UNCONTROLLED
keyword ისტორია
710 ## - ADDED ENTRY--CORPORATE NAME
Corporate name or jurisdiction name as entry element Академия наук СССР.
Date of meeting or treaty signing Институт истории СССР. Ленинградское отделение.
9 (RLIN) 20772
942 ## - ADDED ENTRY ELEMENTS (KOHA)
Source of classification or shelving scheme
Koha item type წიგნი
ეგზემპლარები
Withdrawn status Lost status Source of classification or shelving scheme Damaged status Not for loan Permanent Location Current Location Shelving location Date acquired Cost, normal purchase price Full call number Barcode Date last seen Copy number Uniform Resource Identifier Price effective from Koha item type Public note
          ბათუმის შოთა რუსთაველის სახელმწიფო უნივერსიტეტის მთავარი ბიბლიოთეკა ბათუმის შოთა რუსთაველის სახელმწიფო უნივერსიტეტის მთავარი ბიბლიოთეკა წიგნსაცავი 2023-12-18 6.00 930.1(09)(490) H-45 65604 2023-12-18 65604 ბსუ-ს საპატიო დოქტორის გურამ ლორთქიფანიძის საჩუქარი 2023-12-18 წიგნი 6 ლ.